000 00609nam a2200229Ia 4500
003 OSt
005 20221005121813.0
006 a|||||r|||| 00| 0
007 ta
008 221004b |||||||| |||| 00| 0 eng d
024 _a57278
037 _cTextual
040 _aCRL
_cCRL
_beng
041 _2eng
_aeng
082 _aV2:1-8:K, F8
100 _aJhaveri Krishanlal Mohanlal Tr.
_9631168
245 0 _aImperial Farmans
_b A D 1577 to A D 1805
260 _c1928
650 _aHISTORY
942 _hV2:1-8:K, F8
_cTEXL
_2cc
999 _c1042313
_d1042313